00736nam a2200217Ia 4500003000900000008004100009020001800050040001600068080001900084100002700103245005700130260004200187300001300229490004100242650004100283650002200324700003000346942000700376999001500383952012000398IN-BaIIA211028s9999 xx 000 0 eng d a0-13-050088-7 cIIA Library a523.4-852bGOO aGoody, Richard M97417 0aAtmospherescRichard M. Goody and C. G. James Walker aEnglewood CliffsbPrentice-Hallc1972 ax, 150p. aFoundations of earth sciences series aAstronomy and astrophysics thesaurus aAtmospheres92122 aWalker, James C. G.97418 cBK c4221d4221 00104070aBANbBANcGENd1973-05-23g22.42l0o523.4-852/ GOOp4711r2021-11-05v22.42w1973-05-23yBKGRs. 22.42